000
00260nam a2200109Ia 4500
008
190216s9999||||xx |||||||||||||| ||und||
100
_a
Rupran Gupta
245
0
_a
Suppliment To Indian Company Law
260
_b
Agra Book Stall
650
_a
Commerce
942
_c
BK
999
_c
3933
_d
3933